000 00372nam a2200145 i 4500
001 bg
100 1 _aLOCHNER, D.
245 0 _aIzolacje cieplne i przeciwdźwiękowe w domkach jednorodzinnych /
_cD. Lochner, W. Ploss.
260 _aWarszawa,
_c1982.
700 1 _aPLOSS, W.
040 _cBPK
041 _apol
942 _cKS
008 s pl f |000 0 pol
999 _c5198
_d5198
856 _uhttp://koha.tu.koszalin.pl/cgi-bin/koha/opac-detail.pl?biblionumber=5198
_yKatalog online BPK